Countries Closest to Peru - Statistics

General Stats
  • This quiz has been taken 41 times
  • The average score is 12 of 13
Answer Stats
Distance Answer % Correct
583 Argentina
97%
0 Brazil
97%
0 Chile
97%
0 Colombia
97%
855 Panama
97%
0 Bolivia
92%
1214 Costa Rica
92%
0 Ecuador
92%
586 Venezuela
92%
1505 Nicaragua
90%
831 Paraguay
90%
1254 Guyana
85%
1533 Suriname
79%
No matching quizzes found
Score Distribution
Percent of People with Each Score
Percentile by Number Answered
Your Score History
You have not taken this quiz